[Event "EU-chT Seniors 09th"]
[Site "Dresden"]
[Date "2007.02.22"]
[Round "7"]
[White "Stavenhagen, Johannes"]
[Black "Nordby, Berndt"]
[Result "1/2-1/2"]
[WhiteElo "2046"]
[BlackElo "2225"]
[PlyCount "25"]
[EventDate "2007.02.16"]
[EventType "team-swiss"]
[EventRounds "9"]
[EventCountry "GER"]
[SourceTitle "CBM 117 Extra"]
[Source "ChessBase"]
[SourceDate "2007.05.09"]
[SourceVersion "1"]
[SourceVersionDate "2007.05.09"]
[SourceQuality "1"]

1. d4 Nf6 2. Nf3 g6 3. Nc3 d5 4. Bf4 Bg7 5. e3 0-0 6. Bd3 c5 7. dxc5 Qa5 8. 0-0 Qxc5 9. Nb5 Na6 10. a3 Nh5 11. Be5 Bxe5 12. Nxe5 Nc7 13. b4 1/2-1/2

[Event "EU-chT Seniors 09th"]
[Site "Dresden"]
[Date "2007.02.21"]
[Round "6"]
[White "Denda, Ronald"]
[Black "Stavenhagen, Johannes"]
[Result "1/2-1/2"]
[WhiteElo "2053"]
[BlackElo "2046"]
[PlyCount "128"]
[EventDate "2007.02.16"]
[EventType "team-swiss"]
[EventRounds "9"]
[EventCountry "GER"]
[SourceTitle "CBM 117 Extra"]
[Source "ChessBase"]
[SourceDate "2007.05.09"]
[SourceVersion "1"]
[SourceVersionDate "2007.05.09"]
[SourceQuality "1"]

1. e4 c5 2. Nf3 Nc6 3. d4 cxd4 4. Nxd4 Nf6 5. Nc3 e5 6. Ndb5 d6 7. Bg5 a6 8. Bxf6 gxf6 9. Na3 b5 10. Nd5 Bg7 11. c3 f5 12. exf5 Bxf5 13. Qf3 Bd7 14. Bd3 0-0 15. Bf5 Bxf5 16. Qxf5 Ne7 17. Nxe7+ Qxe7 18. Rd1 Rfd8 19. 0-0 Qe6 20. Qxe6 fxe6 21. Nc2 a5 22. Rfe1 d5 23. f4 e4 24. Nd4 Bxd4+ 25. Rxd4 Rab8 26. a3 Rf8 27. g3 Kg7 28. Rf1 Kg6 29. g4 Rbd8 30. Kg2 Rf7 31. Rf2 Rd6 32. Kg3 Rd8 33. h3 Rd6 34. a4 bxa4 35. Rxa4 Ra6 36. Re2 Rb7 37. Kf2 Rab6 38. Ra2 Rb5 39. Ke3 Kf6 40. Kd4 Rc7 41. Ra4 Rbc5 42. Ke3 Rb5 43. Rf2 Rcb7 44. Ra2 Rb8 45. f5 e5 46. h4 h6 47. Rg2 R8b7 48. Rc2 Rg7 49. Rg2 Rgb7 50. g5+ hxg5 51. hxg5+ Kxf5 52. b4 d4+ 53. cxd4 exd4+ 54. Kxd4 Rxb4+ 55. Kc3 Rc7+ 56. Kd2 Rd4+ 57. Ke3 Rd3+ 58. Ke2 Rd5 59. g6 Kf6 60. Ke3 Re7 61. g7 Rd3+ 62. Ke2 Rxg7 63. Rxg7 Kxg7 64. Rxa5 Kf6 1/2-1/2

[Event "GER-ch Seniors 18th"]
[Site "Dresden"]
[Date "2006.07.28"]
[Round "7"]
[White "Stavenhagen, Johannes"]
[Black "Blosze, Winfried"]
[Result "1-0"]
[WhiteElo "1922"]
[BlackElo "1749"]
[PlyCount "61"]
[EventDate "2006.07.22"]
[EventType "swiss"]
[EventRounds "9"]
[EventCountry "GER"]
[SourceTitle "EXT 2022"]
[Source "ChessBase"]
[SourceDate "2021.10.06"]
[SourceVersion "1"]
[SourceVersionDate "2021.10.06"]
[SourceQuality "1"]

1. d4 Nf6 2. Nf3 d5 3. c4 g6 4. cxd5 Nxd5 5. e4 Nb6 6. Nc3 Bg7 7. Be3 0-0 8. a4 Nc6 9. a5 Nd7 10. Bc4 h6 11. 0-0 Kh7 12. h4 Nf6 13. Qb3 e6 14. d5 exd5 15. exd5 Ne7 16. Bc5 Nfg8 17. Rfe1 Bg4 18. Nh2 Bd7 19. Rad1 b6 20. Ba3 bxa5 21. d6 cxd6 22. Bxd6 Bf6 23. Nf3 a4 24. Qa3 Qc8 25. Bd5 Nxd5 26. Nxd5 Re8 27. Rxe8 Qxe8 28. Nc7 Qc8 29. Nxa8 Qxa8 30. Be5 Be7 31. Rxd7 1-0

[Event "EU-chT Seniors 08th"]
[Site "Dresden"]
[Date "2006.02.18"]
[Round "2"]
[White "Stavenhagen, Johannes"]
[Black "Salov, Sergej"]
[Result "1/2-1/2"]
[WhiteElo "2019"]
[BlackElo "2304"]
[PlyCount "33"]
[EventDate "2006.02.17"]
[EventType "team-swiss"]
[EventRounds "8"]
[EventCountry "GER"]
[SourceTitle "CBM 111 Extra"]
[Source "ChessBase"]
[SourceDate "2006.05.09"]
[SourceVersion "1"]
[SourceVersionDate "2006.05.09"]
[SourceQuality "1"]
[WhiteTeam "Grossroehrsdorf/BSW"]
[BlackTeam "Schleswig Holstein"]
[WhiteTeamCountry "GER"]
[BlackTeamCountry "GER"]

1. d4 Nf6 2. c4 d6 3. Nc3 e5 4. d5 Be7 5. Qc2 0-0 6. h3 a5 7. Nf3 Na6 8. e4 Nc5 9. Be3 b6 10. Be2 Ne8 11. g4 Bd7 12. 0-0-0 a4 13. Rdg1 a3 14. b3 Na6 15. Qd2 Nb4 16. h4 c6 17. Nb1 1/2-1/2

[Event "EU-chT Seniors 07th"]
[Site "Dresden"]
[Date "2005.02.22"]
[Round "5"]
[White "Stavenhagen, Johannes"]
[Black "Crombleholme, Alan K"]
[Result "0-1"]
[WhiteElo "1848"]
[BlackElo "2098"]
[PlyCount "76"]
[EventDate "2005.02.18"]
[EventType "team-swiss"]
[EventRounds "8"]
[EventCountry "GER"]
[SourceTitle "EXT 2006"]
[Source "ChessBase"]
[SourceDate "2005.11.24"]
[SourceVersion "1"]
[SourceVersionDate "2005.11.24"]
[SourceQuality "1"]

1. d4 d5 2. c4 c6 3. cxd5 cxd5 4. Nc3 Nf6 5. Qb3 Nc6 6. e3 e6 7. Nf3 Be7 8. Be2 0-0 9. 0-0 a6 10. Bd2 b5 11. Rac1 Bb7 12. a4 b4 13. Na2 Qb6 14. Bd3 Rfc8 15. Ng5 h6 16. Nf3 Nd7 17. g4 Na5 18. Qd1 Nc4 19. b3 Nb2 20. Qe2 Nxd3 21. Qxd3 a5 22. Rfe1 Bf6 23. h4 Qd8 24. Kg2 Bxh4 25. Rh1 Rxc1 26. Nxc1 Bf6 27. Rh5 Nf8 28. Qb1 Ba6 29. Nd3 Bxd3 30. Qxd3 Qd7 31. Ne5 Bxe5 32. dxe5 Rc8 33. Kg3 Qc6 34. f4 Nd7 35. Be1 Nc5 36. Qe2 Ne4+ 37. Kf3 d4 38. Qc4 Nd2+ 0-1

[Event "EU-chT Seniors 05th"]
[Site "Dresden"]
[Date "2003.03.01"]
[Round "7.1"]
[White "Stavenhagen, Johannes"]
[Black "Neubert, Gerhard"]
[Result "1-0"]
[WhiteElo "1861"]
[BlackElo "1946"]
[PlyCount "59"]
[EventDate "2003.02.23"]
[EventType "team-swiss"]
[EventRounds "7"]
[EventCountry "GER"]
[SourceTitle "EXT 2005"]
[Source "ChessBase"]
[SourceDate "2004.11.15"]
[SourceVersion "1"]
[SourceVersionDate "2004.11.15"]
[SourceQuality "1"]

1. d4 e6 2. Nc3 d5 3. Nf3 f5 4. Bf4 Bd6 5. Bg5 Nf6 6. Nb5 Be7 7. Bf4 Na6 8. e3 c6 9. Nc3 Nc7 10. Be2 0-0 11. Ne5 Nce8 12. h4 Nd7 13. g3 Nef6 14. Qd3 Nxe5 15. dxe5 Ne4 16. f3 Nxc3 17. Qxc3 Bd7 18. 0-0-0 c5 19. g4 fxg4 20. Rdg1 Bc6 21. Rxg4 Rf7 22. Qe1 Kh8 23. Qg3 Rc8 24. Rg1 Bf8 25. Bg5 Qa5 26. Bf6 Qc7 27. h5 h6 28. Rg6 Rxf6 29. Rxf6 Qe7 30. Rxh6+ 1-0

[Event "EU-chT Seniors 05th"]
[Site "Dresden"]
[Date "2003.02.28"]
[Round "6.1"]
[White "Wiemer, Juergen"]
[Black "Stavenhagen, Johannes"]
[Result "1-0"]
[WhiteElo "2043"]
[BlackElo "1861"]
[PlyCount "105"]
[EventDate "2003.02.23"]
[EventType "team-swiss"]
[EventRounds "7"]
[EventCountry "GER"]
[SourceTitle "EXT 2005"]
[Source "ChessBase"]
[SourceDate "2004.11.15"]
[SourceVersion "1"]
[SourceVersionDate "2004.11.15"]
[SourceQuality "1"]

1. Nf3 d5 2. d4 Nf6 3. Bg5 e6 4. Nbd2 Be7 5. e3 h6 6. Bh4 0-0 7. Bd3 Nbd7 8. Rc1 c5 9. c3 Re8 10. Bb1 b6 11. 0-0 Bb7 12. Ne5 Nxe5 13. dxe5 Ne4 14. Bg3 Nxd2 15. Qxd2 g6 16. Rfd1 Bg5 17. Bc2 Kg7 18. Ba4 Rh8 19. f3 h5 20. Bf2 h4 21. Qe2 h3 22. g3 Rc8 23. c4 Qc7 24. f4 Be7 25. cxd5 Bxd5 26. e4 Bc6 27. Bc2 Bb7 28. g4 Qc6 29. Qf3 f5 30. exf6+ Bxf6 31. Rd3 Ba6 32. Rd2 Bxb2 33. Rcd1 Bd4 34. f5 Rcf8 35. Qg3 e5 36. g5 Re8 37. f6+ Kf8 38. Qg4 Bc8 39. Qg3 Ba6 40. Qf3 Qc8 41. Qg3 Rh5 42. Rb1 Qe6 43. Bd1 Bb7 44. Bxh5 gxh5 45. Bxd4 exd4 46. Re1 Bxe4 47. Rde2 Qf5 48. g6 d3 49. Rxe4 Rxe4 50. Rxe4 Qxe4 51. Qb8+ Qe8 52. g7+ Kf7 53. Qxe8+ 1-0